<?xml version="1.0" encoding="UTF-8"?>
<record
    xmlns:xsi="http://www.w3.org/2001/XMLSchema-instance"
    xsi:schemaLocation="http://www.loc.gov/MARC21/slim http://www.loc.gov/standards/marcxml/schema/MARC21slim.xsd"
    xmlns="http://www.loc.gov/MARC21/slim">

  <leader>00637nam a22001937a 4500</leader>
  <datafield tag="999" ind1=" " ind2=" ">
    <subfield code="c">169844</subfield>
    <subfield code="d">169844</subfield>
  </datafield>
  <controlfield tag="005">20191205165043.0</controlfield>
  <datafield tag="010" ind1=" " ind2=" ">
    <subfield code="a">A-141671</subfield>
  </datafield>
  <datafield tag="020" ind1=" " ind2=" ">
    <subfield code="c">25.00</subfield>
    <subfield code="a">-</subfield>
  </datafield>
  <datafield tag="035" ind1=" " ind2=" ">
    <subfield code="a">A-141671 </subfield>
  </datafield>
  <datafield tag="037" ind1=" " ind2=" ">
    <subfield code="b">BPPD</subfield>
  </datafield>
  <datafield tag="082" ind1=" " ind2=" ">
    <subfield code="a">230.91</subfield>
  </datafield>
  <datafield tag="100" ind1=" " ind2=" ">
    <subfield code="a">&#x645;&#x62D;&#x6CC; &#x627; &#x644;&#x62F; &#x64A;&#x646; &#x642;&#x627; &#x62F; &#x631; &#x6CC; &#x627; &#x644;&#x631; &#x632; &#x627; &#x642;&#x6CC; </subfield>
  </datafield>
  <datafield tag="245" ind1=" " ind2=" ">
    <subfield code="a">&#x622; &#x621;&#x64A;&#x646;&#x6C1;&#x621; &#x62D;&#x631; &#x645; </subfield>
    <subfield code="c">&#x645;&#x62D;&#x6CC; &#x627; &#x644;&#x62F; &#x64A;&#x646; &#x642;&#x627; &#x62F; &#x631; &#x6CC; &#x627; &#x644;&#x631; &#x632; &#x627; &#x642;&#x6CC;</subfield>
  </datafield>
  <datafield tag="246" ind1=" " ind2=" ">
    <subfield code="a">Aiyna-e-Haram</subfield>
    <subfield code="b">by Mohiuddin Qadri Alrazaqui</subfield>
  </datafield>
  <datafield tag="260" ind1=" " ind2=" ">
    <subfield code="a">U.P.</subfield>
    <subfield code="c">1983 &#x621; </subfield>
    <subfield code="b">Razaqia Kitab Ghar</subfield>
  </datafield>
  <datafield tag="270" ind1=" " ind2=" ">
    <subfield code="a">Bansa Shareef, Zila Bara Banki</subfield>
    <subfield code="b">U.P.</subfield>
    <subfield code="k">-</subfield>
    <subfield code="e">-</subfield>
  </datafield>
  <datafield tag="300" ind1=" " ind2=" ">
    <subfield code="a">192 &#x635;</subfield>
    <subfield code="c">22 cm(hb)</subfield>
  </datafield>
  <datafield tag="942" ind1=" " ind2=" ">
    <subfield code="2">ddc</subfield>
    <subfield code="c">UR</subfield>
    <subfield code="h">230.91</subfield>
    <subfield code="m">&#x642; &#x627; &#x62F; </subfield>
  </datafield>
  <datafield tag="952" ind1=" " ind2=" ">
    <subfield code="0">0</subfield>
    <subfield code="1">0</subfield>
    <subfield code="4">0</subfield>
    <subfield code="7">-1</subfield>
    <subfield code="8">NFIC</subfield>
    <subfield code="a">L</subfield>
    <subfield code="b">L</subfield>
    <subfield code="d">2019-12-05</subfield>
    <subfield code="e">BPPD/Ven.</subfield>
    <subfield code="g">25.00</subfield>
    <subfield code="l">0</subfield>
    <subfield code="o">230.91 &#x642; &#x627; &#x62F;</subfield>
    <subfield code="p">A-141671</subfield>
    <subfield code="r">2019-12-05 00:00:00</subfield>
    <subfield code="t">1</subfield>
    <subfield code="v">25.00</subfield>
    <subfield code="w">2019-12-05</subfield>
    <subfield code="y">UR</subfield>
  </datafield>
</record>
